000 00477nam a22001937a 4500
003 MPLRDC
005 20220104150315.0
008 210129b ||||| |||| 00| 0 eng d
020 _a957-9298-34-3
082 _a547.16 LXR
100 _a林献瑞 编辑
245 _a爱在病房蔓延时
_c
250 _a一版六刷
260 _a
_b慈济文化出版社
_c1995
300 _b
490 _a健康人
650 _a志愿服务--义工
942 _cBK
_o547.16 LXR
999 _c51797
_d51787